Fabio Herrera : magia (Record no. 904)
[ view plain ]
| 000 -LEADER | |
|---|---|
| campo de control de longitud fija | 00928nam a22001937a 4500 |
| 008 - DATOS DE LONGITUD FIJA--INFORMACIÓN GENERAL | |
| campo de control de longitud fija | 160518b xxu||||| |||| 00| 0 eng d |
| 020 ## - NÚMERO INTERNACIONAL ESTÁNDAR DEL LIBRO | |
| Número Internacional Estándar del Libro | 9977966052 |
| 020 ## - NÚMERO INTERNACIONAL ESTÁNDAR DEL LIBRO | |
| Número Internacional Estándar del Libro | 9789977966052 |
| 082 ## - NÚMERO DE LA CLASIFICACIÓN DECIMAL DEWEY | |
| Número de clasificación | 759.972.86 |
| Número de ítem | H565m |
| 100 ## - ENTRADA PRINCIPAL--NOMBRE DE PERSONA | |
| Nombre de persona | Fabio Herrera; Ulrich Pegels; Victor Zamudio-Taylor |
| 9 (RLIN) | 4969 |
| 245 ## - MENCIÓN DEL TÍTULO | |
| Título | Fabio Herrera : magia |
| Resto del título | pinturas realizadas en sus estudios en Manhattan, Nuevo York y Tibás, Costa Rica de los años 1994 - 1997 |
| Mención de responsabilidad, etc. | Fabio Herrera; Ulrich Pegels; Victor Zamudio-Taylor |
| 260 ## - PUBLICACIÓN, DISTRIBUCIÓN, ETC. | |
| Lugar de publicación, distribución, etc. | San José, C.R. |
| Nombre del editor, distribuidor, etc. | Litografía e Impr. Imperial [S.l.] Ed. de la Colección Pegels-Rojas de Arte Contemporaneo Costarricense |
| Fecha de publicación, distribución, etc. | 2000 |
| 300 ## - DESCRIPCIÓN FÍSICA | |
| Extensión | unpaged |
| Otras características físicas | ill, col. |
| Dimensiones | 27cm |
| 600 ## - PUNTO DE ACCESO ADICIONAL DE MATERIA--NOMBRE DE PERSONA | |
| Nombre de persona | Fabio Herrera Martinez 1954- |
| Subdivisión de forma | Catalogo de exhibición |
| 9 (RLIN) | 4970 |
| 650 ## - PUNTO DE ACCESO ADICIONAL DE MATERIA--TÉRMINO DE MATERIA | |
| Término de materia o nombre geográfico como elemento de entrada | Pintura costarricense |
| Subdivisión de forma | Arte costarricense |
| Subdivisión cronológica | 1994-1997 |
| 9 (RLIN) | 4971 |
| 700 ## - ENTRADA AGREGADA--NOMBRE PERSONAL | |
| Nombre de persona | Fabio Herrera |
| 9 (RLIN) | 4940 |
| 700 ## - ENTRADA AGREGADA--NOMBRE PERSONAL | |
| Nombre de persona | Victor Zamudio-Taylor |
| 9 (RLIN) | 4972 |
| 700 ## - ENTRADA AGREGADA--NOMBRE PERSONAL | |
| Nombre de persona | Ulrich Pegels |
| 9 (RLIN) | 4956 |
| Estatus retirado | Estado de pérdida | Fuente del sistema de clasificación o colocación | Estado de daño | No para préstamo | Biblioteca de origen | Biblioteca actual | Ubicación en estantería | Fecha de adquisición | Total de préstamos | Signatura topográfica completa | Código de barras | Visto por última vez | Precio de reemplazo | Tipo de ítem Koha |
|---|---|---|---|---|---|---|---|---|---|---|---|---|---|---|
| Clasificación Decimal Dewey | Biblioteca LadoV | Biblioteca LadoV | 18/05/2016 | 759.972.86 H565m | 000822 | 18/05/2016 | 18/05/2016 | Material 01 |
